LEADER 01247nam a2200277 u 4500 001 000000049364 003 CaOOAMICUS 005 20070226115113.0 008 000627r 1974enk u000 u eng u 020 $a851501516 035 $a10851131 040 $aPUL(R)$bita 100 1 $aDavidson, Benjamin,$dm. 1871.$0(OLS)http://pul/name/2591 245 14$aThe analytical Hebrew and Chaldee lexicon /$cBenjamin Davidson. 260 $aLondon :$bS. Bagster and sons,$c1974. 300 $a783 p. ;$c24 cm 500 $aEvery word and inflection of the Hebrew Old Testament arranges alphabetically and with grammatical Analyses, also tables of paradigms. 650 4$aLingua ebraica biblica$xDizionari.$0(OLS)http://pul/subject/13670 650 4$aLingua aramaica.$0(OLS)http://pul/subject/20776 850 $aPUL 852 $aPUL$W1$xSL Cons. Gen., Altre Classi 1$y1$m1390 U$j58$nBK-PRI$b $qStampati$B65599$CPULBib$Z2$F65599 $H $81 941 1 $a8 961 $aINV: 0106. Fondo Ciprotti 996 $6020$a851501516$9(OLS)http://pul/number/62344 996 $6245$aThe analytical Hebrew and Chaldee lexicon$9(OLS)http://pul/title/66574 996 $6260$aLondon :$bS. Bagster and sons$9(OLS)http://pul/publisher/49316 LEADER 01428nam a2200325 a 4500 001 000000149540 003 CaOOAMICUS 005 20160219122734.0 008 160219s2015 it u000 u ita r 020 $a9788815259325* 032 $aLibriCat 040 $aPUL$bita 082 04$a342 245 04$aGli insegnamenti del diritto canonico e del diritto ecclesiastico dopo l'unitą d'Italia /$ca cura di Manlio Miele. 260 $aBologna :$bIl Mulino,$c©2015. 300 $a714 p. ;$c21 cm. 490 1 $aReligione e societą ;$v37 504 $aBibliografia in nota. 650 4$aDiritto ecclesiastico$xStudio e insegnamento.$0(OLS)http://pul/subject/20675 650 4$aUniversitą ecclesiastiche.$0(OLS)http://pul/subject/7890 700 1 $aMiele, Manlio.$0(OLS)http://pul/name/40199 830 0$aReligione e societą (Il Mulino) ;$v37.$0(OLS)http://pul/title/1321 850 $aPUL 852 $aPUL$W1$xSL Diritto e Scienze Sociali 3$y79$m342 MIEMA 1$j172196$qDDC 21$B173820$CPULBib$Z2$F173820 $H127216 $81 941 1 $a9 996 $6020$a9788815259325*$9(OLS)http://pul/number/159778 996 $6082$a342$9(OLS)http://pul/classification/678 996 $6245$aGli insegnamenti del diritto canonico e del diritto ecclesiastico dopo l'unitą d'Italia$9(OLS)http://pul/title/188539 996 $6260$aBologna :$bIl Mulino$9(OLS)http://pul/publisher/47928